| 000 | 00917nam a2200277Ia 4500 | ||
|---|---|---|---|
| 003 | OSt | ||
| 005 | 20221005050828.0 | ||
| 006 | a|||||r|||| 00| 0 | ||
| 007 | ta | ||
| 008 | 221004b |||||||| |||| 00| 0 eng d | ||
| 020 |
_a9781498541695 (hbk) _cUKP 52.95 |
||
| 024 | _a34899 | ||
| 037 |
_b111012, 06/09/2017, International Book Distributors _cTextual |
||
| 040 |
_aCRL _cCRL _beng |
||
| 041 |
_2eng _aeng |
||
| 082 | _aZ(Q7), Q7 | ||
| 100 |
_aBenyoussef Olfa Au. _9595207 |
||
| 245 | 0 |
_aPerplexity of a muslim woman _b over inheritance marriage and homosexuality |
|
| 260 |
_aLanham _bLexington Press Maryland _c2017 |
||
| 300 |
_a156p. _ccm. |
||
| 650 | _a MUSLIMS | ||
| 650 | _aLAW | ||
| 700 |
_a Benyoussef Lamia Au. _9595208 |
||
| 942 |
_hZ(Q7), Q7 _cTEXL _2cc |
||
| 999 |
_c957753 _d957753 |
||